00414nam a2200169 a 450000100060000000300090000600800410001502000150005604000280007108200090009910000190010824500390012726000380016630000090020465000210021365000100023420365CO-ViMGA141112s2004 ck r 000 u spa d a8466600701 aCO-ViMGAbspacCO-ViMGA04aHAGl1 aHague, Michael10aEl libro de las hadas para niños aBarcelona : bEdiciones B, c2001 a125p14aCUENTOS DE HADAS14aHADAS